000 01166nam a2200325 i 4500
003 EG-GICUC
005 20260128162621.0
008 260128s2004 fr ||fr ||| 001 0 fre d
020 _a2275024913
040 _aEG-GiCUC
_bfre
_cEG-GiCUC
_dEG-GiCUC
_eRda
041 0 _afre
082 0 4 _221
_a341.8044
_bSC . N
092 0 4 _221
099 _aLaw1 12 341.8044 SC . N 2004
100 1 _aScherer, Maxi
_eAuteur
245 1 4 _aLe Nom En Droit International Privé Étude De Droit Comparé Français Et Allemand /
_cMaxi Scherer; Préface de Paul Lagarde.
264 1 _aParis :
_bL.G.D.J Librairie Générale De Droit Et De Jurisprudence,
_c2004.
300 _a374 page,
_c24 cm.
336 _2rda contenu
_a texte
337 _2rda medias
_aOrdinateur
338 _2 transporteur rda
_a Ressource en ligne
490 _aBibliotheque De Droit Prive
_vTome 420
500 _aPrix de thèse du Centre français de droit comparé
546 _aTexte en français
650 1 4 _aDroit international privé
700 1 _aLagarde, Paul
_ePréfacier
856 4 0 _uhttps://fll.law.cu.edu.eg/fulltext/bks/B12-02293.pdf
905 _a48
942 _2ddc
_cBK
_e21
_n0
999 _c59986
_d59986